| 000 | 01245nam a22003617a 4500 | ||
|---|---|---|---|
| 003 | CHAP | ||
| 005 | 20220329140407.0 | ||
| 008 | 971013s1973 r 00010 d | ||
| 010 | _a51359 | ||
| 011 | _a52331 | ||
| 035 | _a56481 | ||
| 040 | _cCHAP | ||
| 090 | _aFolleto 3541 | ||
| 100 | 0 | 0 |
_aRojas Cárdenas, Rodrigo. _999288 |
| 245 | _aComprensión de ilustraciones de seis plegables de divulgación del ICA | ||
| 260 |
_aTibaitatá : _bInstituto Colombiano Agropecuario, _c1973 |
||
| 300 |
_a30 p. _b: ilus. |
||
| 490 |
_aBoletín de investigación _v; 1 |
||
| 590 |
_aBATCH-UPD _b10 _c20130110 _lUCH01 _h0146 |
||
| 590 |
_aBATCH-UPD _b10 _c20130110 _lUCH01 _h1736 |
||
| 590 |
_aBATCH-UPD _b10 _c20130409 _lUCH01 _h2145 |
||
| 590 |
_aBATCH-UPD _b10 _c20130410 _lUCH01 _h1116 |
||
| 590 |
_aBATCH-UPD _b10 _c20130914 _lUCH01 _h0657 |
||
| 590 |
_aCONVERSION _b10 _c20130109 _lUCH01 _h1328 |
||
| 650 | 1 | 4 |
_aComunicación de masas. _926210 |
| 650 | 1 | 4 |
_aExtensión agrícola. _939144 |
| 650 | 1 | 4 |
_aFotografía en agricultura. _942718 |
| 830 | 0 |
_aBoletín de investigación _v; 1 _913532 |
|
| 901 | _aBK | ||
| 942 | _cFOLL | ||
| 949 |
_aFolleto 3541 _bBC _cFOLL _d-123365 _eTS1 _i56481 _si |
||
| 949 |
_aFolleto 3541 _bBC _cFOLL _d-123366 _eTS2 _fc.2 _i56481 _si |
||
| 999 |
_c51359 _d51359 |
||